| 000 | 00332nam a22001337a 4500 | ||
|---|---|---|---|
| 020 | _qHB. | ||
| 040 | _cFIZZA ISHAQ | ||
| 082 |
_a006.31 _bLAN |
||
| 100 |
_aBENGIO,YOSHUA GOODFELLOW LAN. _989361 |
||
| 245 |
_aDEEP LEARNING / _cLAN GOODFELLOW YOSHUA BENGIO. |
||
| 260 |
_aNEW YORK ; _c2016. |
||
| 300 | _a775 P. ; | ||
| 942 |
_2ddc _cBK |
||
| 999 |
_c588128 _d588128 |
||